000 00372nam a2200145Ia 4500
005 20260328101443.0
008 260328s9999||||xx |||||||||||||| ||und||
100 _aArellano, Fernando
245 0 _aEl Arte Hispanoamericano /
_cFernando Arellano
250 _a1a ed.
260 _bUniversidad Católica Andrés Bello
300 _a393 p.
650 _aARTE
942 _cBK
999 _c8368
_d8368